Architecture from Scandinavia : engineering, construction, materials : No. 2.
| Format: | Book |
|---|---|
| Language: | Danish English French German |
| Published: |
Copenhagen :
World Pictures,
[1978?]
|
| Subjects: |
MARC
| Tag | First Indicator | Second Indicator | Subfields |
|---|---|---|---|
| LEADER | 00000cam a2200000 i 4500 | ||
| 001 | in00000014548 | ||
| 005 | 20151007052235.0 | ||
| 008 | 791003s1978 dk a 00000 dan d | ||
| 035 | |a (OCoLC)05460192 | ||
| 035 | |9 AAA6917AM | ||
| 040 | |a UIU |c UIU |d TXA |d UtOrBLW | ||
| 041 | 0 | |a dan |a eng |a fre |a ger | |
| 049 | |a TXAM |c [A12585403] | ||
| 050 | 4 | |a NA1208 |b .A72 1978 | |
| 245 | 0 | 0 | |a Architecture from Scandinavia : |b engineering, construction, materials : No. 2. |
| 264 | 1 | |a Copenhagen : |b World Pictures, |c [1978?] | |
| 300 | |a 127 pages : |b color illustrations ; |c 32 cm. | ||
| 336 | |a text |b txt |2 rdacontent | ||
| 337 | |a unmediated |b n |2 rdamedia | ||
| 338 | |a volume |b nc |2 rdacarrier | ||
| 500 | |a Danish, English, French, German. | ||
| 650 | 0 | |a Architecture |z Scandinavia |y 20th century. | |
| 650 | 0 | |a Building materials |z Scandinavia. | |
| 999 | |a MARS | ||
| 999 | f | f | |s a9228725-4c60-36f4-b492-532c2a4bd106 |i 1845e886-a7eb-34e7-b58e-967e04520174 |t 0 |
| 952 | f | f | |p ric |a Texas A&M University |b Rellis Campus |c Joint Library Facility |d Remote Storage |t 0 |e NA1208 .A72 1978 |h Library of Congress classification |i unmediated -- volume |m A14812585403 |
| 998 | f | f | |a NA1208 .A72 1978 |t 0 |l Remote Storage |